Inventari del Fons del Reial Cadastre (1716 - 1845) / Marc Torras i Serra
ISBN:
84-87202-29-2
Descripción Física:
57 p. ; 24 cm
Colección:
Inventaris i Catàlegs de l'Arxiu ; 5
MARC
| LEADER | 00000nam a2200000Ia 4500 | ||
|---|---|---|---|
| 001 | 11914 | ||
| 008 | 160829s1997 xx 000 0 cat d | ||
| 020 | |a 84-87202-29-2 | ||
| 080 | |a A-2-74 | ||
| 100 | 1 | |a Torras i Serra, Marc |9 19874 | |
| 245 | |a Inventari del Fons del Reial Cadastre (1716 - 1845) / Marc Torras i Serra | ||
| 260 | |a Manresa : |b Ajuntament de Manresa, |c 1997 | ||
| 300 | |a 57 p. ; |c 24 cm | ||
| 490 | |a Inventaris i Catàlegs de l'Arxiu ; 5 | ||
| 590 | |a Despres del títol: Arxiu Històric de la Ciutat. Manresa | ||
| 650 | |a Arxiu Històric de la Ciutat (Manresa) |x Catàlegs |9 28592 | ||
| 710 | 1 | |a Manresa (Catalunya). |b Ajuntament |9 51573 | |
| 901 | |a Arxiu | ||
| 942 | |n 1 | ||
| 952 | |0 0 |1 0 |4 0 |6 A274 |7 1 |9 44878 |a Arxiu |b Arxiu |d 2016-12-01 |l 0 |o A-2-74 |p 11914 |r 2016-12-01 00:00:00 |w 2016-12-01 |y ARXIU | ||
| 999 | |c 47476 |d 47476 | ||